Statistics for 50 Biggest Cities in the North Region of Brazil

Click here to take the quiz!

General Stats

  • This quiz has been taken 10 times
  • The average score is 13 of 50

Answer Stats

PopulationStateCity% Correct
21,492,745PABelém
100%
12,182,763AMManaus
100%
7399,213RRBoa Vista
56%
5503,327APMacapá
56%
9299,127TOPalmas
56%
4529,544ROPorto Velho
56%
6407,319ACRio Branco
56%
8304,589PASantarém
56%
3530,598PAAnanindeua
33%
26107,863ROAriquemes
33%
22114,594PAAltamira
22%
13180,470TOAraguaína
22%
20124,680PABarcarena
22%
19127,686PABragança
22%
3585,359ROCacoal
22%
15137,890PACametá
22%
12200,793PACastanhal
22%
3685,097AMCoari
22%
3388,376ACCruzeiro do Sul
22%
3486,647TOGurupi
22%
29101,337AMItacoatiara
22%
17128,969ROJi-Paraná
22%
3297,377AMManacapuru
22%
10279,349PAMarabá
22%
3882,094PAMoju
22%
4073,096PAOriximiná
22%
25113,145PAParagominas
22%
11208,273PAParauapebas
22%
23114,273AMParintins
22%
3784,787PARedenção
22%
4270,801PASanta Izabel do Pará
22%
21121,364APSantana
22%
4172,817PASantana do Araguaia
22%
18128,481PASão Félix do Xingu
22%
4565,844AMTabatinga
22%
3199,854ROVilhena
22%
4962,737PABenevides
11%
4466,046PABreu Branco
11%
28102,701PABreves
11%
4369,027PACapanema
11%
5062,698PAIgarapé-Miri
11%
4664,053PAIpixuna do Pará
11%
30101,247PAItaituba
11%
16131,521PAMarituba
11%
4763,905AMMaués
11%
3975,919PANovo Repartimento
11%
27106,339PATailândia
11%
4863,447PATomé-Açu
11%
24113,659PATucuruí
11%
14157,698PAAbaetetuba
0%

Score Distribution

Percentile by Number Answered

Percent of People with Each Score

Your Score History

You have not taken this quiz